000 00945nam0a22002531 4500
001 rc\3615725
005 20250610051815.0
021 _aRU
_bРг1230-74
021 _aRU
_b73-ОЭ-94258
035 _a(NLR Aleph) 007714751
090 _a6886329
_c6886329
100 _a20130115d1973 |||y0rusy50 ca
101 0 _arus
102 _aRU
105 _aa z |||||
200 1 _aГлистные болезни человека и меры борьбы с ними
_e(В помощь лектору)
_fРесп. дом сан. просвещения М-ва здрав. УзССР. Центр. ком. О-ва Красного Полумесяца Узбекистана
210 _aТашкент
_cМедицина
_d1973
215 _a19 с.
_cил.
_d20
700 1 _aМагдиев
_bР.Р.
_gРухулла Рахимович
801 0 _aRU
_bNLR
_gpsbo
801 1 _aRU
_bELAR
_2rusmarc
852 _aNLR
_j73-4/38868
942 _cBOOK
980 _aNB